000 00491nam a2200181 i 4500
001 133799
003 ES-MaACL
005 20250809063520.0
007 t|
008 070829s1917 fr ||||1| fre d
100 1 _aWorms, René,
_d1869-1926
_9117375
245 1 0 _aNatalité et régime successoral /
_cRené Worms.
260 _aParis :
_bPayot,
_c1917.
300 _a220 p. ;
_c19 cm.
650 1 4 _aNatalidad.
_915475
852 _aES-MaACL
_jG-4594
999 _c133799
_d133799